Top 10 Paris Saint-Germain Goalscorers - Statistics

General Stats
  • This quiz has been taken 546 times
    139 since last reset
  • The average score is 5 of 10
Answer Stats
Goals Years Player % Correct
256 2017-2024 Kylian Mbappé
99%
118 2017-2023 Neymar
97%
156 2012-2016 Zlatan Ibrahimović
95%
200 2013-2020 Edinson Cavani
92%
92 2015-2022 Ángel Di Maria
61%
109 2003-2008 Pauleta
32%
100 1980-1987 Dominique Rocheteau
9%
98 1974-1984 Mustapha Dahleb
8%
85 1982-1991 Safet Sušić
8%
95 1973-1979 François M'Pelé
4%
No matching quizzes found
Score Distribution
Percent of People with Each Score
Percentile by Number Answered
Your Score History
You have not taken this quiz since the last reset